[Event "Cardiff Welsh op"]
[Site "Cardiff"]
[Date "2023.04.10"]
[Round "7"]
[White "Dixon, Chris"]
[Black "Dasselaar, Hendrik"]
[Result "1/2-1/2"]
[WhiteElo "1700"]
[BlackElo "1297"]
[PlyCount "54"]
[EventDate "2023.04.07"]
[EventType "swiss"]
[EventRounds "7"]
[EventCountry "WLS"]
[SourceTitle "EXT 2024"]
[Source "ChessBase"]
[SourceDate "2023.10.10"]
[SourceVersion "1"]
[SourceVersionDate "2023.10.10"]
[SourceQuality "1"]

1. Nf3 d5 2. g3 Nf6 3. Bg2 Bf5 4. 0-0 c5 5. d3 Nc6 6. Nbd2 e6 7. Re1 h6 8. b3 Be7 9. Bb2 0-0 10. e4 dxe4 11. dxe4 Bg4 12. h3 Bh5 13. a3 Qc7 14. e5 Nd5 15. c4 Nb6 16. Qe2 a5 17. a4 Nb4 18. Ne4 Rad8 19. Rad1 Rxd1 20. Rxd1 Rd8 21. Kh2 Nc8 22. Rd2 Na7 23. Qd1 Bg6 24. Rxd8+ Bxd8 25. Ne1 Be7 26. h4 Nac6 27. f4 b6 1/2-1/2

[Event "Cardiff Welsh op"]
[Site "Cardiff"]
[Date "2023.04.10"]
[Round "6"]
[White "Parri, Deio"]
[Black "Dixon, Chris"]
[Result "1/2-1/2"]
[WhiteElo "1597"]
[BlackElo "1700"]
[PlyCount "104"]
[EventDate "2023.04.07"]
[EventType "swiss"]
[EventRounds "7"]
[EventCountry "WLS"]
[SourceTitle "EXT 2024"]
[Source "ChessBase"]
[SourceDate "2023.10.10"]
[SourceVersion "1"]
[SourceVersionDate "2023.10.10"]
[SourceQuality "1"]

1. d4 Nf6 2. c4 g6 3. Nc3 Bg7 4. e4 0-0 5. Bd3 d6 6. Nge2 Nc6 7. f3 a6 8. Be3 Rb8 9. Qd2 Bd7 10. 0-0 e5 11. d5 Ne7 12. Rab1 c6 13. Kh1 c5 14. Bg5 Ne8 15. f4 f6 16. Bh4 exf4 17. Nxf4 g5 18. Bxg5 fxg5 19. Nh5 Ng6 20. Rxf8+ Bxf8 21. Rf1 Bg7 22. Ne2 b5 23. cxb5 axb5 24. b3 Be5 25. Neg3 Nf4 26. Nxf4 Bxf4 27. Qe2 Ng7 28. e5 dxe5 29. Qe4 Qf6 30. Qxh7+ Kf7 31. Nh5 Bf5 32. Bxf5 Qxf5 33. Qxg7+ Ke8 34. Nxf4 gxf4 35. Qh8+ Qf8 36. Qxe5+ Kd7 37. Rxf4 Re8 38. Rxf8 Rxe5 39. h4 c4 40. bxc4 bxc4 41. Rf4 Re1+ 42. Kh2 c3 43. Rc4 Re3 44. a4 Kd6 45. a5 Kxd5 46. Rc8 Kd4 47. Rd8+ Kc4 48. a6 Re7 49. Ra8 Kd3 50. a7 Kc2 51. g4 Kc1 52. Kg3 c2 1/2-1/2

[Event "Cardiff Welsh op"]
[Site "Cardiff"]
[Date "2023.04.08"]
[Round "2"]
[White "Dixon, Chris"]
[Black "MacDonald, Duncan"]
[Result "0-1"]
[WhiteElo "1700"]
[BlackElo "1566"]
[PlyCount "100"]
[EventDate "2023.04.07"]
[EventType "swiss"]
[EventRounds "7"]
[EventCountry "WLS"]
[SourceTitle "EXT 2024"]
[Source "ChessBase"]
[SourceDate "2023.10.10"]
[SourceVersion "1"]
[SourceVersionDate "2023.10.10"]
[SourceQuality "1"]

1. Nf3 d5 2. g3 c5 3. Bg2 Nc6 4. 0-0 e5 5. d3 Nf6 6. Nbd2 Be6 7. e4 d4 8. Re1 h6 9. Nc4 Nd7 10. a4 Be7 11. Nfd2 g5 12. c3 Qc7 13. Nf1 Nb6 14. Na3 a6 15. c4 0-0-0 16. Bd2 Nb4 17. Bxb4 cxb4 18. Nb1 Kb8 19. Nbd2 Nd7 20. Nb3 Rdg8 21. Qd2 g4 22. a5 h5 23. Ra4 h4 24. Rxb4 Bxb4 25. Qxb4 hxg3 26. fxg3 Rf8 27. Qd2 f5 28. exf5 Bxf5 29. Nc1 Rhg8 30. b4 Rf6 31. Nb3 Be6 32. Qb2 Rgf8 33. Re2 Qd6 34. Nbd2 Bf5 35. Qb1 R8f7 36. c5 Qf8 37. c6 bxc6 38. Nc4 Be6 39. Nxe5 Nxe5 40. Rxe5 Bd5 41. Qe1 Qd6 42. Re8+ Kb7 43. b5 cxb5 44. Bxd5+ Qxd5 45. Re7+ Kc6 46. Qc1+ Qc5 47. Qxc5+ Kxc5 48. Rxf7 Rxf7 49. Nd2 Kb4 50. Kg2 Kc3 0-1

[Event "Cardiff Welsh Spring op"]
[Site "Cardiff"]
[Date "2023.03.04"]
[Round "1"]
[White "Dixon, Chris"]
[Black "Powell, Andrew"]
[Result "1-0"]
[WhiteElo "1697"]
[BlackElo "1129"]
[PlyCount "69"]
[EventDate "2023.03.04"]
[EventType "swiss"]
[EventRounds "5"]
[EventCountry "WLS"]
[SourceTitle "EXT 2024"]
[Source "ChessBase"]
[SourceDate "2023.10.10"]
[SourceVersion "1"]
[SourceVersionDate "2023.10.10"]
[SourceQuality "1"]

1. Nf3 d5 2. g3 e6 3. Bg2 Nf6 4. 0-0 Be7 5. d3 0-0 6. Nbd2 c5 7. e4 dxe4 8. dxe4 h6 9. Re1 Nc6 10. c3 Rb8 11. Qe2 b6 12. Nf1 Bb7 13. Bf4 Rc8 14. Rad1 Qe8 15. h4 Rd8 16. Rxd8 Qxd8 17. Rd1 Qc8 18. e5 Nh7 19. h5 Rd8 20. Ne3 Rxd1+ 21. Qxd1 Qd8 22. Qxd8+ Bxd8 23. Nc4 Be7 24. Nfd2 Nd8 25. Ne4 Bxe4 26. Bxe4 Bg5 27. Nd6 Bxf4 28. gxf4 f6 29. Nc8 fxe5 30. fxe5 Ng5 31. Bg2 Ndf7 32. f4 Nh7 33. Bh3 Nf8 34. Nxa7 Nd7 35. Bxe6 1-0

[Event "South Wales New Year op"]
[Site "Bridgend"]
[Date "2023.01.06"]
[Round "1"]
[White "Fathallah, Joe"]
[Black "Dixon, Chris"]
[Result "1-0"]
[WhiteElo "1971"]
[BlackElo "1675"]
[PlyCount "55"]
[EventDate "2023.01.06"]
[EventType "swiss"]
[EventRounds "5"]
[EventCountry "WLS"]
[SourceTitle "EXT 2024"]
[Source "ChessBase"]
[SourceDate "2023.10.10"]
[SourceVersion "1"]
[SourceVersionDate "2023.10.10"]
[SourceQuality "1"]

1. d4 Nf6 2. c4 e6 3. Nc3 d5 4. cxd5 exd5 5. Bg5 Be7 6. e3 0-0 7. Bd3 c6 8. Qc2 Nbd7 9. Nge2 Re8 10. 0-0 Nf8 11. f3 Be6 12. e4 dxe4 13. fxe4 Rc8 14. Rad1 a6 15. Qd2 b5 16. e5 Nd5 17. Bxe7 Qxe7 18. Ne4 Rc7 19. Nf6+ Nxf6 20. exf6 gxf6 21. Ng3 Bg4 22. Rde1 Qd8 23. Rxe8 Qxe8 24. Ne4 Nd7 25. Rxf6 Kh8 26. Nd6 Nxf6 27. Nxe8 Nxe8 28. Qh6 1-0

[Event "South Wales op 17th"]
[Site "Bridgend"]
[Date "2022.07.11"]
[Round "7"]
[White "Fathallah, Joe"]
[Black "Dixon, Chris"]
[Result "1-0"]
[WhiteElo "1912"]
[BlackElo "1696"]
[PlyCount "53"]
[EventDate "2022.07.07"]
[EventType "swiss"]
[EventRounds "9"]
[EventCountry "WLS"]
[SourceTitle "CBM 209 Extra"]
[Source "ChessBase"]
[SourceDate "2022.09.30"]
[SourceVersion "1"]
[SourceVersionDate "2022.09.30"]
[SourceQuality "1"]

1. d4 Nf6 2. c4 g6 3. Nc3 Bg7 4. e4 0-0 5. f3 Nc6 6. Nge2 e5 7. d5 Nd4 8. Be3 c5 9. dxc6 dxc6 10. Nxd4 exd4 11. Bxd4 Nxe4 12. Bxg7 Qh4+ 13. g3 Nxg3 14. Bf6 Qxf6 15. hxg3 Re8+ 16. Kf2 Bg4 17. Be2 Rad8 18. Qc2 Bf5 19. Qc1 h5 20. Rd1 Rxd1 21. Qxd1 h4 22. Qd2 Qe5 23. Qf4 Qc5+ 24. Kg2 h3+ 25. Kf1 Kg7 26. g4 Be6 27. Qf6+ 1-0

[Event "South Wales op 17th"]
[Site "Bridgend"]
[Date "2022.07.10"]
[Round "6"]
[White "Dixon, Chris"]
[Black "Sainbayar, Anuurai"]
[Result "1-0"]
[WhiteElo "1696"]
[BlackElo "1512"]
[PlyCount "73"]
[EventDate "2022.07.07"]
[EventType "swiss"]
[EventRounds "9"]
[EventCountry "WLS"]
[SourceTitle "CBM 209 Extra"]
[Source "ChessBase"]
[SourceDate "2022.09.30"]
[SourceVersion "1"]
[SourceVersionDate "2022.09.30"]
[SourceQuality "1"]

1. e4 e6 2. d4 a6 3. Nf3 b5 4. Bd3 Bb7 5. 0-0 c5 6. c3 Nf6 7. Nbd2 cxd4 8. cxd4 Qb6 9. Qe2 Be7 10. e5 Nd5 11. Ne4 0-0 12. Be3 h6 13. Rac1 f5 14. exf6 Nxf6 15. d5 Qd8 16. Nxf6+ Bxf6 17. dxe6 Bxf3 18. Qxf3 Nc6 19. Qf5 Re8 20. exd7 Re5 21. Qh7+ Kf8 22. Qh8+ Kf7 23. Qxd8 Nxd8 24. Rc8 Rxe3 25. fxe3 Ra7 26. Rxd8 Ke7 27. Rc8 Rxd7 28. Bg6 Rd6 29. Rfc1 Rd2 30. R1c7+ Kd6 31. Rc6+ Kd7 32. Bf5+ Ke7 33. Rxa6 Bg5 34. Rc3 Rxb2 35. Rd3 Rb1+ 36. Kf2 Rb2+ 37. Kf3 1-0

[Event "Cardiff Welsh op"]
[Site "Cardiff"]
[Date "2022.04.18"]
[Round "7"]
[White "Thomas, Roy"]
[Black "Dixon, Chris"]
[Result "1/2-1/2"]
[WhiteElo "1689"]
[BlackElo "1735"]
[PlyCount "81"]
[EventDate "2022.04.15"]
[EventType "swiss"]
[EventRounds "7"]
[EventCountry "WLS"]
[SourceTitle "EXT 2024"]
[Source "ChessBase"]
[SourceDate "2023.10.10"]
[SourceVersion "1"]
[SourceVersionDate "2023.10.10"]
[SourceQuality "1"]

1. f4 d5 2. Nf3 g6 3. e3 Bg7 4. Be2 Nf6 5. 0-0 c5 6. d3 Nc6 7. Nc3 0-0 8. e4 dxe4 9. dxe4 Qxd1 10. Rxd1 Nb4 11. Rd2 h6 12. a3 Nc6 13. Rd1 Bg4 14. Be3 b6 15. h3 Bxf3 16. Bxf3 e5 17. Ne2 Rad8 18. c3 Rfe8 19. Ng3 Kh7 20. f5 Na5 21. Rxd8 Rxd8 22. Rd1 Rxd1+ 23. Bxd1 Nc4 24. Bc1 Nd6 25. Bc2 h5 26. h4 Bh6 27. Bxh6 Kxh6 28. fxg6 fxg6 29. b3 Nb5 30. c4 Nd4 31. Bd1 Kg7 32. b4 Nd7 33. Kf2 a5 34. bxa5 bxa5 35. Nf1 Nb6 36. Ne3 Kf7 37. Nc2 Nxc2 38. Bxc2 Kf6 39. Bd3 g5 40. hxg5+ Kxg5 41. Kg3 1/2-1/2

[Event "Cardiff Welsh op"]
[Site "Cardiff"]
[Date "2022.04.16"]
[Round "3"]
[White "Chung, Ethan Cheung Jing"]
[Black "Dixon, Chris"]
[Result "1-0"]
[WhiteElo "1554"]
[BlackElo "1735"]
[PlyCount "55"]
[EventDate "2022.04.15"]
[EventType "swiss"]
[EventRounds "7"]
[EventCountry "WLS"]
[SourceTitle "CBM 207 Extra"]
[Source "ChessBase"]
[SourceDate "2022.05.31"]
[SourceVersion "1"]
[SourceVersionDate "2022.05.31"]
[SourceQuality "1"]

1. e4 d6 2. Nf3 Nf6 3. Nc3 g6 4. d4 Bg7 5. Bg5 d5 6. Bxf6 exf6 7. Nxd5 f5 8. Nc3 fxe4 9. Nxe4 0-0 10. Bd3 Bxd4 11. c3 Bg7 12. 0-0 Nc6 13. Qc2 Bg4 14. Be2 Qe7 15. Rfe1 Rfe8 16. Ned2 Rad8 17. Bc4 Qf6 18. Qa4 Bxf3 19. Nxf3 a6 20. Bb3 Bf8 21. Qg4 Ne5 22. Nxe5 Rxe5 23. Rxe5 Qxe5 24. Qf3 Qe7 25. Qxb7 Rd2 26. Qxa6 Qc5 27. Qf6 Qf5 28. Bxf7# 1-0

[Event "Cardiff Welsh op"]
[Site "Cardiff"]
[Date "2022.04.16"]
[Round "4"]
[White "Dixon, Chris"]
[Black "Hollyman, Mike"]
[Result "1-0"]
[WhiteElo "1735"]
[BlackElo "1329"]
[PlyCount "117"]
[EventDate "2022.04.15"]
[EventType "swiss"]
[EventRounds "7"]
[EventCountry "WLS"]
[SourceTitle "CBM 207 Extra"]
[Source "ChessBase"]
[SourceDate "2022.05.31"]
[SourceVersion "1"]
[SourceVersionDate "2022.05.31"]
[SourceQuality "1"]

1. e4 d5 2. exd5 Nf6 3. d4 Bg4 4. Be2 Bxe2 5. Qxe2 Qxd5 6. Nf3 Nc6 7. c3 0-0-0 8. 0-0 h6 9. Nbd2 e6 10. b4 Bd6 11. b5 Ne7 12. c4 Qh5 13. Re1 c5 14. bxc6 Nxc6 15. Nf1 Rhe8 16. Rb1 Qg6 17. Qb2 Rd7 18. d5 Nb4 19. dxe6 Rxe6 20. Rxe6 fxe6 21. Be3 Qc2 22. Qxc2 Nxc2 23. Bxa7 b5 24. Rc1 Rxa7 25. Rxc2 Rc7 26. Ne3 Kb7 27. cxb5 Nd5 28. Rxc7+ Nxc7 29. a4 Kb6 30. Nc4+ Kc5 31. Nxd6 Kxd6 32. Kf1 Kc5 33. Ke2 Nd5 34. Kd2 Kb4 35. Nd4 e5 36. Nc6+ Kxa4 37. b6 Nxb6 38. Nxe5 Nd5 39. g3 Kb4 40. Kd3 Kc5 41. Ke4 Kd6 42. f4 Ke6 43. f5+ Kd6 44. g4 Nf6+ 45. Kf4 Nd5+ 46. Ke4 Nf6+ 47. Kd4 Ke7 48. h3 h5 49. g5 Nh7 50. h4 Nf8 51. Kd5 Nh7 52. Ng6+ Kf7 53. Nf4 Nf8 54. Nxh5 g6 55. Nf4 gxf5 56. Ke5 Kg7 57. Kxf5 Nd7 58. h5 Nc5 59. Ne6+ 1-0

[Event "Cardiff Welsh op"]
[Site "Cardiff"]
[Date "2022.04.15"]
[Round "1"]
[White "Kong, Emma Zihan"]
[Black "Dixon, Chris"]
[Result "1/2-1/2"]
[WhiteElo "1152"]
[BlackElo "1735"]
[PlyCount "64"]
[EventDate "2022.04.15"]
[EventType "swiss"]
[EventRounds "7"]
[EventCountry "WLS"]
[SourceTitle "CBM 207 Extra"]
[Source "ChessBase"]
[SourceDate "2022.05.31"]
[SourceVersion "1"]
[SourceVersionDate "2022.05.31"]
[SourceQuality "1"]

1. d4 Nf6 2. c4 e6 3. Nc3 d5 4. a3 Be7 5. Bf4 0-0 6. Nf3 c5 7. e3 a6 8. cxd5 exd5 9. h3 cxd4 10. Nxd4 Nc6 11. Be2 Be6 12. 0-0 Nxd4 13. Qxd4 Rc8 14. b4 b5 15. Rfd1 Qd7 16. Bf3 Rfd8 17. Rac1 Rc4 18. Qd2 h6 19. Qb2 Qb7 20. Ne2 Rdc8 21. Rxc4 bxc4 22. Nc3 Rd8 23. Qc2 Qc8 24. Qe2 a5 25. Qb2 axb4 26. axb4 Qb7 27. b5 Ne4 28. Nxe4 dxe4 29. Rxd8+ Bxd8 30. Be2 Bf6 31. Qb4 c3 32. Bd1 Bd7 1/2-1/2

[Event "Dyfed op 49th"]
[Site "Fishguard"]
[Date "2020.02.15"]
[Round "2"]
[White "Dixon, Chris"]
[Black "Morgans, Justin"]
[Result "1/2-1/2"]
[WhiteElo "1754"]
[BlackElo "1605"]
[PlyCount "35"]
[EventDate "2020.02.14"]
[EventType "swiss"]
[EventRounds "5"]
[EventCountry "WLS"]
[SourceTitle "EXT 2022"]
[Source "ChessBase"]
[SourceDate "2021.10.06"]
[SourceVersion "1"]
[SourceVersionDate "2021.10.06"]
[SourceQuality "1"]

1. e4 d6 2. d4 Nf6 3. Nc3 g6 4. Be3 Bg7 5. Qd2 0-0 6. f3 e5 7. dxe5 dxe5 8. 0-0-0 Qxd2+ 9. Rxd2 Be6 10. Nh3 Bxh3 11. gxh3 c6 12. Be2 Nbd7 13. Rhd1 Nb6 14. Kb1 Rfe8 15. a4 Bf8 16. a5 Nc8 17. Bg5 Kg7 18. Na2 1/2-1/2

[Event "Dyfed op 49th"]
[Site "Fishguard"]
[Date "2020.02.15"]
[Round "3"]
[White "Williams, R Gareth"]
[Black "Dixon, Chris"]
[Result "0-1"]
[WhiteElo "1642"]
[BlackElo "1754"]
[PlyCount "72"]
[EventDate "2020.02.14"]
[EventType "swiss"]
[EventRounds "5"]
[EventCountry "WLS"]
[SourceTitle "EXT 2022"]
[Source "ChessBase"]
[SourceDate "2021.10.06"]
[SourceVersion "1"]
[SourceVersionDate "2021.10.06"]
[SourceQuality "1"]

1. d4 d5 2. Nc3 Nf6 3. Bf4 c5 4. e3 cxd4 5. exd4 a6 6. Nf3 e6 7. Bd3 Nc6 8. 0-0 Bd6 9. Bg3 Bxg3 10. hxg3 0-0 11. a3 Bd7 12. Re1 Rc8 13. b4 Nxb4 14. axb4 Rxc3 15. Ne5 Qb6 16. Nxd7 Nxd7 17. Rb1 Nf6 18. g4 h6 19. Re3 Rfc8 20. f3 g6 21. Qe1 Qxd4 22. Kh1 Kg7 23. g3 Qb6 24. Kg2 d4 25. Re2 Qc6 26. Kf2 b5 27. Qd2 Rh8 28. Ra1 Qd6 29. Rb1 Nd5 30. Re4 Nxb4 31. Rxb4 Qxb4 32. Qf4 Qc5 33. Qd2 b4 34. f4 Rc8 35. Kg2 Rxc2 36. Bxc2 Qxc2 0-1

[Event "Dyfed op 49th"]
[Site "Fishguard"]
[Date "2020.02.14"]
[Round "1"]
[White "Jones, Iolo Cerredig"]
[Black "Dixon, Chris"]
[Result "1-0"]
[WhiteElo "2163"]
[BlackElo "1754"]
[PlyCount "115"]
[EventDate "2020.02.14"]
[EventType "swiss"]
[EventRounds "5"]
[EventCountry "WLS"]
[SourceTitle "EXT 2022"]
[Source "ChessBase"]
[SourceDate "2021.10.06"]
[SourceVersion "1"]
[SourceVersionDate "2021.10.06"]
[SourceQuality "1"]

1. d4 Nf6 2. Nf3 g6 3. Bg5 Bg7 4. Nbd2 d6 5. c3 0-0 6. e4 h6 7. Be3 c6 8. h3 Qc7 9. Qc2 a6 10. a4 a5 11. Bd3 Re8 12. 0-0 Nbd7 13. Rfd1 e5 14. dxe5 dxe5 15. Nc4 Nh5 16. Bf1 Re7 17. Qd2 Kh7 18. Qd6 Qxd6 19. Nxd6 Nf8 20. Bc5 Be6 21. Nc4 Ree8 22. Bb6 Nd7 23. Bc7 Nc5 24. Nd6 Re7 25. Bb6 Nb3 26. Rab1 f5 27. exf5 gxf5 28. Bc4 Bxc4 29. Nxc4 Nf4 30. Nfd2 Nxd2 31. Rxd2 Nd5 32. Bc5 Re6 33. Nb6 Nxb6 34. Bxb6 Re7 35. Rbd1 Ra6 36. Bc5 Rf7 37. Rd7 Rxd7 38. Rxd7 Ra8 39. Rxb7 Rd8 40. Kf1 Kg6 41. Rc7 f4 42. Rxc6+ Kf5 43. Rc7 Bf6 44. Rf7 Kg6 45. Rb7 Rd1+ 46. Ke2 Rg1 47. Rb8 Kf5 48. Rf8 Ke6 49. Kf3 Re1 50. g3 fxg3 51. Kxg3 Rb1 52. Rb8 Ra1 53. Ba3 e4 54. Rb6+ Kf5 55. Rb5+ Be5+ 56. Kg2 Rd1 57. Bc5 Rd2 58. Bd4 1-0

[Event "South Wales New Year op"]
[Site "Bridgend"]
[Date "2020.01.05"]
[Round "4"]
[White "Dixon, Chris"]
[Black "Britton, Richard"]
[Result "1/2-1/2"]
[WhiteElo "1748"]
[BlackElo "2162"]
[PlyCount "48"]
[EventDate "2020.01.03"]
[EventType "swiss"]
[EventRounds "5"]
[EventCountry "WLS"]
[SourceTitle "EXT 2022"]
[Source "ChessBase"]
[SourceDate "2021.10.06"]
[SourceVersion "1"]
[SourceVersionDate "2021.10.06"]
[SourceQuality "1"]

1. e4 c5 2. Nc3 Nc6 3. g3 g6 4. Bg2 Bg7 5. d3 d6 6. f4 e6 7. Nf3 Nge7 8. 0-0 0-0 9. Be3 b6 10. Bf2 Bb7 11. Qd2 Qd7 12. g4 f5 13. h3 Rae8 14. Bg3 Nd4 15. Rae1 Nxf3+ 16. Bxf3 Kh8 17. Nd1 Ba8 18. c3 d5 19. e5 d4 20. c4 Bxf3 21. Rxf3 Nc6 22. g5 Rb8 23. h4 h5 24. b3 Qb7 1/2-1/2

[Event "BCF-chT4S 1920 (4NCL)"]
[Site "England"]
[Date "2019.11.09"]
[Round "1.46"]
[White "Sanfey, Gregor"]
[Black "Dixon, Chris"]
[Result "0-1"]
[WhiteElo "1607"]
[BlackElo "1740"]
[PlyCount "82"]
[EventDate "2019.11.09"]
[EventType "team-swiss"]
[EventRounds "11"]
[EventCountry "ENG"]
[SourceTitle "EXT 2022"]
[Source "ChessBase"]
[SourceDate "2021.10.06"]
[SourceVersion "1"]
[SourceVersionDate "2021.10.06"]
[SourceQuality "1"]
[WhiteTeam "Barnet Knights II"]
[BlackTeam "The Full Ponty"]
[WhiteTeamCountry "ENG"]
[BlackTeamCountry "WLS"]

1. d4 d5 2. Nf3 Nf6 3. c4 e6 4. Nc3 Be7 5. e3 0-0 6. Bd3 b6 7. cxd5 exd5 8. 0-0 Bb7 9. Ne5 c5 10. g4 Nc6 11. g5 Ne4 12. Bxe4 dxe4 13. Nxc6 Bxc6 14. d5 Bd7 15. h4 Bxg5 16. hxg5 Qxg5+ 17. Kh2 Qh4+ 18. Kg1 Bh3 19. Ne2 Bxf1 20. Qxf1 Rad8 21. Nc3 Rd6 22. Qc4 Rg6+ 23. Kf1 Qh1+ 24. Ke2 Qf3+ 25. Kf1 Rh6 26. Ke1 Rh1+ 27. Kd2 Qxf2+ 28. Qe2 Qh4 29. Qc4 Rh2+ 30. Kd1 Qg4+ 31. Ne2 Rd8 32. Bd2 Rh1+ 33. Be1 Rh5 34. Kc2 Rhxd5 35. Nf4 Rd1 36. Qe2 Qxe2+ 37. Nxe2 Rxa1 38. Nc1 f5 39. b3 Kf7 40. Bc3 Rxc1+ 41. Kxc1 Rd3 0-1

[Event "BCF-chT4S 1819 (4NCL)"]
[Site "England"]
[Date "2019.05.06"]
[Round "11.56"]
[White "Dixon, Chris"]
[Black "Taylor, Robert P"]
[Result "0-1"]
[WhiteElo "1756"]
[BlackElo "1757"]
[PlyCount "116"]
[EventDate "2018.11.17"]
[EventType "team-swiss"]
[EventRounds "11"]
[EventCountry "ENG"]
[SourceTitle "EXT 2021"]
[Source "ChessBase"]
[SourceDate "2020.10.23"]
[SourceVersion "1"]
[SourceVersionDate "2020.10.23"]
[SourceQuality "1"]
[WhiteTeam "The Full Ponty"]
[BlackTeam "Ashfield II"]
[WhiteTeamCountry "WLS"]
[BlackTeamCountry "ENG"]

1. Nf3 d5 2. g3 Nf6 3. Bg2 Bf5 4. d3 c6 5. 0-0 Nbd7 6. Nbd2 e6 7. Re1 Be7 8. b3 0-0 9. Bb2 h6 10. e4 Bh7 11. e5 Ne8 12. a3 a5 13. a4 Rc8 14. Qe2 b5 15. Kh1 Qb6 16. Rf1 b4 17. Rac1 Qa6 18. Ng1 c5 19. f4 Nb6 20. g4 c4 21. dxc4 dxc4 22. Bd4 Bc5 23. Bxc5 Rxc5 24. Ne4 Bxe4 25. Bxe4 Qc8 26. Qe3 Nd5 27. Bxd5 Rxd5 28. Rfd1 Rxd1 29. Rxd1 cxb3 30. cxb3 Nc7 31. Ne2 Nd5 32. Qd2 Qb7 33. Kg1 Rc8 34. Kf2 Rc6 35. Rc1 Qb6+ 36. Kf3 Qc7 37. Kg3 Nc3 38. Kf3 Nxe2 39. Rxc6 Qxc6+ 40. Kxe2 Qg2+ 41. Ke3 Qg1+ 42. Ke4 Qb1+ 43. Qd3 Qh1+ 44. Ke3 Qxh2 45. Qd8+ Kh7 46. Qd3+ g6 47. Qd7 Qg3+ 48. Ke4 Kg7 49. Qd8 Qe1+ 50. Kf3 Qc3+ 51. Kf2 Qxb3 52. Qf6+ Kg8 53. Qd8+ Kh7 54. Qe7 Qc2+ 55. Kg3 Qd3+ 56. Kf2 Qd4+ 57. Kf3 Qd5+ 58. Kg3 Kg7 0-1

[Event "BCF-chT4S 1819 (4NCL)"]
[Site "England"]
[Date "2018.11.17"]
[Round "1.16"]
[White "Fraser, Susanna"]
[Black "Dixon, Chris"]
[Result "1/2-1/2"]
[WhiteElo "1649"]
[BlackElo "1756"]
[PlyCount "58"]
[EventDate "2018.11.17"]
[EventType "team-swiss"]
[EventRounds "11"]
[EventCountry "ENG"]
[SourceTitle "EXT 2021"]
[Source "ChessBase"]
[SourceDate "2020.10.23"]
[SourceVersion "1"]
[SourceVersionDate "2020.10.23"]
[SourceQuality "1"]
[WhiteTeam "Fischer's Catch"]
[BlackTeam "The Full Ponty"]
[WhiteTeamCountry "WLS"]
[BlackTeamCountry "WLS"]

1. d4 Nf6 2. c4 g6 3. Nf3 Bg7 4. g3 0-0 5. Bg2 d6 6. 0-0 Nbd7 7. Nc3 e5 8. e4 Re8 9. h3 a6 10. Be3 Rb8 11. b3 b5 12. cxb5 axb5 13. Qc2 b4 14. Ne2 Nxe4 15. Rac1 Ba6 16. Rfe1 Bxe2 17. Rxe2 Nc3 18. Ree1 c5 19. dxe5 Nxe5 20. Bf4 Qd7 21. Nxe5 Bxe5 22. Bxe5 Rxe5 23. Rxe5 dxe5 24. a4 f5 25. Re1 e4 26. Kh2 Qd3 27. Qc1 Qd4 28. Qf4 Rd8 29. Bf1 Kg7 1/2-1/2

[Event "South Wales op 15th"]
[Site "Cardiff"]
[Date "2018.07.12"]
[Round "9"]
[White "Jones, Gavin"]
[Black "Dixon, Chris"]
[Result "0-1"]
[WhiteElo "1630"]
[BlackElo "1754"]
[PlyCount "44"]
[EventDate "2018.07.07"]
[EventType "swiss"]
[EventRounds "9"]
[EventCountry "WLS"]
[SourceTitle "EXT 2019"]
[Source "ChessBase"]
[SourceDate "2018.10.10"]
[SourceVersion "1"]
[SourceVersionDate "2018.10.10"]
[SourceQuality "1"]

1. e4 e5 2. Nf3 Nf6 3. Nxe5 d6 4. Nxf7 Kxf7 5. Nc3 Be7 6. d4 Re8 7. Qf3 Kg8 8. Bc4+ Kh8 9. Be3 Nc6 10. Nd5 Nxd5 11. exd5 Nb4 12. 0-0-0 Rf8 13. Qe2 Bf5 14. c3 Na6 15. Bxa6 bxa6 16. Qxa6 Qd7 17. f3 Rfb8 18. Qe2 Qa4 19. a3 Qb3 20. Kd2 Qxb2+ 21. Ke1 Qxa3 22. Kf2 Bf6 0-1

[Event "South Wales op 15th"]
[Site "Cardiff"]
[Date "2018.07.11"]
[Round "7"]
[White "Robertson, Jim"]
[Black "Dixon, Chris"]
[Result "1/2-1/2"]
[WhiteElo "1604"]
[BlackElo "1754"]
[PlyCount "59"]
[EventDate "2018.07.07"]
[EventType "swiss"]
[EventRounds "9"]
[EventCountry "WLS"]
[SourceTitle "EXT 2019"]
[Source "ChessBase"]
[SourceDate "2018.10.10"]
[SourceVersion "1"]
[SourceVersionDate "2018.10.10"]
[SourceQuality "1"]

1. d4 Nf6 2. e3 g6 3. f4 Bg7 4. Nf3 d6 5. Bc4 0-0 6. 0-0 c6 7. c3 Qc7 8. Nbd2 Bf5 9. Ng5 d5 10. Be2 h6 11. g4 Bd7 12. Nh3 h5 13. Nf2 hxg4 14. Nxg4 Nxg4 15. Bxg4 Qc8 16. h3 Bf5 17. Qf3 Bxg4 18. hxg4 f5 19. g5 Nd7 20. b3 Kf7 21. Kg2 Rh8 22. Bb2 Qc7 23. Rh1 Rxh1 24. Rxh1 Rh8 25. Rxh8 Bxh8 26. Qh3 Bg7 27. Nf3 Qd8 28. Ba3 Qh8 29. Nh4 e6 30. Nf3 1/2-1/2

[Event "South Wales op 15th"]
[Site "Cardiff"]
[Date "2018.07.10"]
[Round "6"]
[White "Dixon, Chris"]
[Black "Fowler, Hugo"]
[Result "1/2-1/2"]
[WhiteElo "1754"]
[BlackElo "1778"]
[PlyCount "99"]
[EventDate "2018.07.07"]
[EventType "swiss"]
[EventRounds "9"]
[EventCountry "WLS"]
[SourceTitle "EXT 2019"]
[Source "ChessBase"]
[SourceDate "2018.10.10"]
[SourceVersion "1"]
[SourceVersionDate "2018.10.10"]
[SourceQuality "1"]

1. d4 Nf6 2. Nc3 d5 3. Bf4 c5 4. e3 Nc6 5. Nf3 g6 6. h3 Bg7 7. Bb5 0-0 8. Bxc6 bxc6 9. 0-0 Nd7 10. Re1 f6 11. Na4 e5 12. dxe5 fxe5 13. Bg5 Qa5 14. c3 e4 15. Nh2 Ne5 16. Be7 Rf7 17. Bxc5 Nd3 18. b4 Qd8 19. Re2 Qh4 20. Qc2 Ba6 21. Rd2 Rd8 22. Bd4 Bf8 23. Nc5 Nxc5 24. bxc5 Bg7 25. Qa4 Bb5 26. Qd1 h5 27. Rb1 Rdf8 28. Qe1 Rf5 29. f4 Qxe1+ 30. Rxe1 h4 31. Rb2 Ba6 32. Ng4 g5 33. fxg5 Rxg5 34. Rf2 Bc8 35. Rxf8+ Bxf8 36. Nf2 Bh6 37. Rb1 Kh7 38. Rb8 Rg8 39. Ra8 a6 40. Ng4 Bxg4 41. Rxg8 Kxg8 42. hxg4 Kf7 43. Kh2 Ke6 44. Kh3 Bg5 45. g3 hxg3 46. Kxg3 a5 47. a4 Kf7 48. Kh3 Kg6 49. Kg3 Kh6 50. Kh3 1/2-1/2

[Event "WLS-chT 1718"]
[Site "Wales"]
[Date "2018.04.22"]
[Round "4.11"]
[White "Van Veelen, Thomas"]
[Black "Dixon, Chris"]
[Result "1-0"]
[WhiteElo "1993"]
[BlackElo "1808"]
[PlyCount "69"]
[EventDate "2017.10.22"]
[EventType "team-tourn"]
[EventRounds "5"]
[EventCountry "WLS"]
[SourceTitle "EXT 2020"]
[Source "ChessBase"]
[SourceDate "2019.10.17"]
[SourceVersion "1"]
[SourceVersionDate "2019.10.17"]
[SourceQuality "1"]
[WhiteTeam "Nidum"]
[BlackTeam "Abergavenny"]
[WhiteTeamCountry "WLS"]
[BlackTeamCountry "WLS"]

1. d4 Nf6 2. c4 g6 3. g3 Bg7 4. Bg2 d6 5. Nf3 0-0 6. Nc3 Nbd7 7. 0-0 e5 8. h3 Re8 9. e4 a6 10. d5 Nc5 11. Qc2 a5 12. Be3 b6 13. a3 Nh5 14. b4 Nb7 15. Nb5 Bd7 16. Kh2 Bf8 17. Rac1 Ng7 18. Qd2 f5 19. Nc3 Be7 20. Ng5 Bf6 21. Ne6 Nxe6 22. dxe6 Bc8 23. Nd5 Rb8 24. exf5 gxf5 25. Nxf6+ Qxf6 26. Bg5 Qg6 27. e7 h6 28. Bh4 Kh8 29. Bc6 Be6 30. Rc3 Qh5 31. f4 e4 32. Qd4+ Kh7 33. Qf6 Qe2+ 34. Kg1 Rg8 35. Qxe6 1-0